000
00242nam a2200109Ia 4500
008
200302s9999 xx 000 0 und d
100
_a
Stanford Anderson
245
_a
On Streets
260
_b
The Mit Press
260
_c
1978
300
_a
416 P.,
999
_c
5229
_d
5229